000 00348cam a22001217a 4500
008 180718b1980 xxu||||| |||| 00| 0 eng d
082 _aBA27x54 K527
100 _aKhan, Mumtaz Ali
245 _aScheduled castes and their status in India
_cby Mumtaz Ali Khan
260 _aDelhi
_bUppal
_c1980
300 _a276p.
650 _aScheduled caste - India.
999 _c347979
_d347979